Código Penal: edición oficial, aprobada por Decreto Nº 24, de 11 de enero de 2001, del Ministerio de Justicia
Đã lưu trong:
| Định dạng: | Sách |
|---|---|
| Ngôn ngữ: | Tiếng Tây Ban Nha |
| Được phát hành: |
Santiago
Jurídica de Chile
2001
|
| Phiên bản: | 17a. ed |
| Những chủ đề: | |
| Các nhãn: |
Thêm thẻ
Không có thẻ, Là người đầu tiên thẻ bản ghi này!
|
MARC
| LEADER | 00000nam a2200000 a 4500 | ||
|---|---|---|---|
| 001 | UCI9478 | ||
| 003 | CL-VaPUC | ||
| 008 | 081120e20011000CL |||||||||||||||||spa|d | ||
| 020 | |a 9561013436 | ||
| 082 | 0 | 4 | |a 345.83 |b COD |2 21 |
| 245 | 1 | 0 | |a Código Penal: edición oficial, aprobada por Decreto Nº 24, de 11 de enero de 2001, del Ministerio de Justicia |
| 250 | |a 17a. ed | ||
| 300 | |a 426 p | ||
| 942 | |c BK | ||
| 945 | |d 20081120 00:00:00 |a cmena | ||
| 260 | |a Santiago |b Jurídica de Chile |c 2001 | ||
| 500 | |a Apéndice actualizado a septiembre de 2001 | ||
| 650 | 7 | |a DERECHO PENAL CHILENO |2 CL-VaPUC |9 533257 | |
| 650 | 0 | |a Responsabilidad penal |9 254899 | |
| 650 | 0 | |a Delitos |9 224143 | |
| 650 | 0 | |a Penas |9 255927 | |
| 583 | |a last modification |c 20111020 11:40:48 |k Rodrigo Vera | ||
| 999 | |c 332002 |d 332000 | ||
| 952 | |0 0 |1 0 |2 ddc |4 0 |6 345_830000000000000_COD_2001 |7 0 |8 FOND_LRYV |9 419322 |a BIBDER |b BIBDER |d 2019-11-22 |i 3779041 |o 345.83 COD 2001 |p 3779041 |r 2023-01-25 |w 2019-11-22 |y BK_X |k DER | ||
| 952 | |0 0 |1 0 |2 ddc |4 0 |6 345_830000000000000_COD_2001 |7 0 |8 FOND_LRYV |9 419323 |a BIBDER |b BIBDER |d 2019-11-22 |i 377905K |o 345.83 COD 2001 |p 377905K |r 2023-01-25 |w 2019-11-22 |y BK_X |k DER | ||